Biologia Ciencia y Naturaleza

Bibliographic Details
Main Author: Mangel, Siegfried
Format: Section = Libro
Language:Undetermined
Spanish
Published: Barcelona Gustavo Gili 1976
Subjects:
LEADER 00496nam a2200193Ia 4500
008 240830s9999 xx 000 0 und d
020 |a 84 252-0879-3 
040 |a B-ESTELÍ- RUACS / 574 A899 
041 |a spa 
082 |a 574 A899 
100 1 |a Mangel, Siegfried 
245 1 0 |a Biologia Ciencia y Naturaleza 
260 |a Barcelona  |b Gustavo Gili  |c 1976 
300 |a 175 p.: il. 
650 7 |a HORMIGON 
650 7 |b  COMPONENTES - AMASADO - HORMIGON 
942 |c BK  |2 ddc 
991 |a TEXTO 
999 |c 11078